| 000 | 01787nam0a2200325 4500 | ||
|---|---|---|---|
| 001 | RU\NLR\BIBL_A\022184041 | ||
| 005 | 20240411134123.0 | ||
| 010 |
_a978-5-907363-01-4 _91500 |
||
| 021 |
_aRU _bКН-П-24-010601 _9КН-П-24-1094 |
||
| 035 | _a(NLR Aleph) 022184041 | ||
| 090 |
_a12991690 _c12991690 |
||
| 100 | _a20240401d2023 u y0rusy50 ca | ||
| 101 | 0 | _arus | |
| 102 | _aRU | ||
| 105 | _aac z 000ay | ||
| 181 | 0 |
_ai3 _baxxe |
|
| 182 | 0 | _an | |
| 200 | 1 |
_aВолшебные сказки Афанасьева _eсборник _e[коллекционное иллюстрированное издание _fхудожник: Е. В. Максименкова] |
|
| 203 |
_aТекст _bвизуальный _cнепосредственный |
||
| 210 |
_aМосква _cАлгоритм _d2023 |
||
| 215 |
_a542, [1] _cил., портр. _d24 |
||
| 327 | 0 | _aСодерж.: Сестрица Алёнушка и братец Иванушка; Царевна - Серая утица; Заколдованная королевна; Окаменелое царство; Никита Кожемяка; Иван-царевич, жар-птица и серый волк; Иван-царевич и Белый Полянин; Загадки царевны; Летучий корабль; Иван крестьянский сын и Мужичок сам с пёрст, усы на семь вёрст [и др.] | |
| 333 | _a16+ | ||
| 606 | 1 |
_aСказки русские _2nlr_sh1 _2nlr_sh2 _3RU\NLR\AUTH\66166301 |
|
| 686 | 1 | _aШ3(2=1Р)-615.10 | |
| 700 | 1 |
_aАфанасьев _bА. Н. _cфольклорист _f1826-1871 _gАлександр Николаевич _3RU\NLR\AUTH\778217 |
|
| 942 | _cBOOK | ||
| 980 | _aNB | ||